The legal environment of business / (Record no. 3157)
[ view plain ]
| 000 -LEADER | |
|---|---|
| fixed length control field | 01143cam a2200289 a 4500 |
| 001 - CONTROL NUMBER | |
| control field | 13824170 |
| 005 - DATE AND TIME OF LATEST TRANSACTION | |
| control field | 20250128143600.0 |
| 008 - FIXED-LENGTH DATA ELEMENTS--GENERAL INFORMATION | |
| fixed length control field | 041223s2005 ohua 000 0 eng |
| 020 ## - INTERNATIONAL STANDARD BOOK NUMBER | |
| International Standard Book Number | 032420485X |
| 020 ## - INTERNATIONAL STANDARD BOOK NUMBER | |
| International Standard Book Number | 9780324204858 |
| 020 ## - INTERNATIONAL STANDARD BOOK NUMBER | |
| International Standard Book Number | 2900324204857 |
| 050 00 - LIBRARY OF CONGRESS CALL NUMBER | |
| Classification number | KF1600 |
| Item number | .M43 2006 |
| 100 1# - MAIN ENTRY--PERSONAL NAME | |
| Personal name | Meiners, Roger E. |
| 245 14 - TITLE STATEMENT | |
| Title | The legal environment of business / |
| Statement of responsibility, etc. | Roger E. Meiners, Al H. Ringleb, Frances L. Edwards. |
| 250 ## - EDITION STATEMENT | |
| Edition statement | 9th ed. |
| 260 ## - PUBLICATION, DISTRIBUTION, ETC. | |
| Place of publication, distribution, etc. | Mason, OH : |
| Name of publisher, distributor, etc. | Thomson / South-Western, |
| Date of publication, distribution, etc. | 2006. |
| 300 ## - PHYSICAL DESCRIPTION | |
| Extent | xxix, 736 p. : |
| Other physical details | col. ill., forms, col. map ; |
| Dimensions | 27 cm. |
| 500 ## - GENERAL NOTE | |
| General note | Includes index. |
| 650 #0 - SUBJECT ADDED ENTRY--TOPICAL TERM | |
| Topical term or geographic name entry element | Industrial laws and legislation |
| Geographic subdivision | United States. |
| 650 #0 - SUBJECT ADDED ENTRY--TOPICAL TERM | |
| Topical term or geographic name entry element | Commercial law |
| Geographic subdivision | United States. |
| 700 1# - ADDED ENTRY--PERSONAL NAME | |
| Personal name | Ringleb, Al H. |
| 700 1# - ADDED ENTRY--PERSONAL NAME | |
| Personal name | Edwards, Frances L. |
| 856 42 - ELECTRONIC LOCATION AND ACCESS | |
| Materials specified | Contributor biographical information |
| Uniform Resource Identifier | <a href="http://www.loc.gov/catdir/enhancements/fy1514/2004118200-b.html">http://www.loc.gov/catdir/enhancements/fy1514/2004118200-b.html</a> |
| 856 42 - ELECTRONIC LOCATION AND ACCESS | |
| Materials specified | Publisher description |
| Uniform Resource Identifier | <a href="http://www.loc.gov/catdir/enhancements/fy1514/2004118200-d.html">http://www.loc.gov/catdir/enhancements/fy1514/2004118200-d.html</a> |
| 856 41 - ELECTRONIC LOCATION AND ACCESS | |
| Materials specified | Table of contents only |
| Uniform Resource Identifier | <a href="http://www.loc.gov/catdir/enhancements/fy1514/2004118200-t.html">http://www.loc.gov/catdir/enhancements/fy1514/2004118200-t.html</a> |
| 942 ## - ADDED ENTRY ELEMENTS (KOHA) | |
| Source of classification or shelving scheme | Library of Congress Classification |
| Koha item type | Books |
| Edition | 9th Ed. |
| Suppress in OPAC | No |
| 999 ## - | |
| -- | 3157 |
| -- | 3157 |
| Withdrawn status | Lost status | Source of classification or shelving scheme | Damaged status | Not for loan | Collection | Home library | Current library | Shelving location | Date acquired | Total checkouts | Full call number | Barcode | Date last seen | Copy number | Price effective from | Koha item type |
|---|---|---|---|---|---|---|---|---|---|---|---|---|---|---|---|---|
| Library of Congress Classification | Non-fiction | Business Library (Miotso) | Business Library (Miotso) | General stacks | 01/28/2025 | KF1600 .M43 2006 | BSSM00000678 | 01/28/2025 | 1 | 01/28/2025 | Books |